| Поле | Инд. | ПП | Название | Значение |
|---|---|---|---|---|
| Тип записи | a | |||
| Библиографический уровень | b | |||
| 001 | Контрольный номер | RU/IS/BASE/357745399 | ||
| 005 | Дата корректировки | 20200630193138.7 | ||
| 008 | Кодируемые данные | 20110503 | ||
| 040 | b | Код языка каталог. | rus | |
| e | Правила каталог. | PSBO | ||
| 041 | 0_ | a | Код языка текста | rus |
| 084 | a | Индекс другой классификации/Индекс ББК | 81.433.2-2-3 | |
| 100 | 1_ | a | Автор | Мокин И. В. |
| q | Полное имя | Мокин Игорь Викторович | ||
| 245 | 10 | a | Заглавие | Степень продуктивности суффиксов -er, -iser-и-fier в современном шведском языке |
| 504 | a | Библиография | Библиогр.: с. 54 | |
| 520 | 0_ | a | Аннотация | Данные суффиксы характеризуются в современном шведском языке значительным ростом продуктивности. Исторически они встречались только в заимствованной лексике латинского происхождения, однако в современном языке они используются не только для адаптации интернационализмов, но и для образования неологизмов как от заимствованных, так и от исконно шведских основ. Тем не менее чаще всего они не являются регулярными образованиями и используются носителями языка лишь в силу своей уникальности, создавая эффект языковой игры или маркируя неформальный стиль общения. Описанное состояние словообразовательной модели можно классифицировать как относительно ограниченную продуктивность |
| 650 | 14 | a | Основная рубрика | грамматика |
| a | Основная рубрика | лексикология | ||
| a | Основная рубрика | филологические науки | ||
| a | Основная рубрика | частное языкознание | ||
| 653 | 1_ | a | Ключевые слова | интернациональная лексика |
| a | Ключевые слова | неологизмы | ||
| a | Ключевые слова | словообразование | ||
| a | Ключевые слова | словообразовательная модель | ||
| a | Ключевые слова | суффиксация | ||
| a | Ключевые слова | суффиксы | ||
| a | Ключевые слова | шведский язык | ||
| 773 | 08 | t | Заглавие источника | Вестник Московского университета. Серия 9, Филология |
| d | Дата издания источника | 2010 | ||
| g | Прочая информация | № 5. - С. 42 - 54 | ||
| w | Контрольный № источника | RU/IS/BASE/354127374 | ||
| 901 | t | Тип документа | b |